| 000 | 01238nam a2200229Ia 4500 | ||
|---|---|---|---|
| 003 | Ost | ||
| 005 | 20260507075436.0 | ||
| 008 | 260507s9999||||xx |||||||||||||| ||und|| | ||
| 020 | _a9957063421 | ||
| 040 | _cfsecg | ||
| 041 | _aara | ||
| 082 | _a658.15 | ||
| 100 |
_aال شبيب، دريد كامل _eمؤلف |
||
| 245 | 0 |
_aمقدمة في الادارة المالية المعاصرة / _c دريد كامل ال شبيب |
|
| 260 |
_aعمان: _bدار المسيرة للنشر والتوزيع, _c2007 |
||
| 300 |
_a456 صفحة؛ _bإيضاحات ؛ _c24 سم |
||
| 504 | _aببليوغرافيا: ص.451-456 | ||
| 520 | _aمقدمة في الادارة المالية، التحليل المالي، العائد والخطر، قيمة النقود، مصادر التمويل، الأسواق المالية، الاستثمارات الرأس مالية، طرق تقييم الاستثمارات في ظروف المستقبل الأكيد، تكلفة رأس المال، ادارة رأس المال العامل، تقييم أدوات ومصادر التمويل والتمويل بالاستئجار | ||
| 653 | _aالادارة المالية | ||
| 653 | _aالاقتصاد المالي | ||
| 942 | _cكتاب | ||
| 999 |
_c44542 _d44542 |
||